<?xml version="1.0" encoding="UTF-8"?>
<record
    xmlns:xsi="http://www.w3.org/2001/XMLSchema-instance"
    xsi:schemaLocation="http://www.loc.gov/MARC21/slim http://www.loc.gov/standards/marcxml/schema/MARC21slim.xsd"
    xmlns="http://www.loc.gov/MARC21/slim">

  <leader>00464nam a2200157Ia 4500</leader>
  <controlfield tag="008">230718s9999    xx            000 0 und d</controlfield>
  <datafield tag="020" ind1=" " ind2=" ">
    <subfield code="a">9789382299219</subfield>
  </datafield>
  <datafield tag="041" ind1=" " ind2=" ">
    <subfield code="a">eng</subfield>
  </datafield>
  <datafield tag="082" ind1=" " ind2=" ">
    <subfield code="a">629.2</subfield>
    <subfield code="b">DAR</subfield>
  </datafield>
  <datafield tag="100" ind1=" " ind2=" ">
    <subfield code="a">Darukhanawala A.J. (Editor)</subfield>
    <subfield code="9">194547</subfield>
  </datafield>
  <datafield tag="245" ind1=" " ind2=" ">
    <subfield code="a">Zig Wheels Auto Tech</subfield>
  </datafield>
  <datafield tag="260" ind1=" " ind2=" ">
    <subfield code="b">Bennett,Coleman And Co. Ltd.</subfield>
  </datafield>
  <datafield tag="365" ind1=" " ind2=" ">
    <subfield code="c">Rs.</subfield>
    <subfield code="b">700.00</subfield>
  </datafield>
  <datafield tag="700" ind1=" " ind2=" ">
    <subfield code="a">Darukhanawala A.J. (Editor)</subfield>
    <subfield code="9">194547</subfield>
  </datafield>
  <datafield tag="906" ind1=" " ind2=" ">
    <subfield code="d">O:0337717-Jun-2013B:305402-Apr-2013</subfield>
    <subfield code="c">MECH</subfield>
    <subfield code="b">154</subfield>
  </datafield>
  <datafield tag="999" ind1=" " ind2=" ">
    <subfield code="c">332389</subfield>
    <subfield code="d">332389</subfield>
  </datafield>
  <datafield tag="952" ind1=" " ind2=" ">
    <subfield code="0">0</subfield>
    <subfield code="1">0</subfield>
    <subfield code="4">0</subfield>
    <subfield code="7">0</subfield>
    <subfield code="a">CCEP</subfield>
    <subfield code="b">CCEP</subfield>
    <subfield code="d">2013-06-17</subfield>
    <subfield code="e">Technical Book Services</subfield>
    <subfield code="f">MECH</subfield>
    <subfield code="g">546.00</subfield>
    <subfield code="i">3054</subfield>
    <subfield code="l">0</subfield>
    <subfield code="o">629.2</subfield>
    <subfield code="p">CCEP-BK-43596</subfield>
    <subfield code="r">2023-07-18 00:00:00</subfield>
    <subfield code="t">154</subfield>
    <subfield code="v">700.00</subfield>
    <subfield code="w">2013-04-02</subfield>
    <subfield code="y">BK</subfield>
    <subfield code="z">043596</subfield>
  </datafield>
</record>
